=LDR 00000nam 2200000 4500 =001 INLIS000000000028671 =005 20130612130946 =008 ***********************************Ind** =035 ##$$0010-061300000028671 =041 ##$$a Ind =082 ##$$a 373.1 =090 ##$$a 373.1, Per p =245 ##$$a Persiapan ebtanas, dan ujian masuk perguruan tinggi 1999, pembahasan UMPTN IPC 1997-1998 =260 ##$$a [S.a] $b Surabaya =300 ##$$a 100 hlm, 30 cm =650 ##$$a Evaluasi Belajar =850 ##$$a NBPNMAT